LDR 00902naa#a2200193#i#450# 001 RU\\bibl\124604 005 20260607001217.7 011 ## _a2073-1574 100 ## _a20260529b2026####ek#y0rusy0150####ca 102 ## _aRU 200 1# _aСтратегический прогноз развития методов навигации ближайшего будущего _eЖурнальная статья 210 1# _aАстрахань _cАстраханский государственный технический университет _d2026 215 ## _a6 с. 608 ## _aЖурнальная статья _2local 675 ## _aМорское судоходство. 656.61 _z 700 #1 _aБондарев _gВиталий Александрович 700 #1 _aБондарева _gОльга Михайловна 700 #1 _aРагулина _gИзумруд Рамазановна 856 4# _avestnik.astu.org _u